| Tag |
First Indicator |
Second Indicator |
Subfields |
| LEADER |
00000cam a2200000 a 4500 |
| 001 |
in00002139003 |
| 006 |
m e d # |
| 007 |
cr mn mmmmabba |
| 008 |
820203s1784 pau s 000 1 eng d |
| 005 |
20260330214740.0 |
| 035 |
|
|
|z w029851
|
| 035 |
|
|
|a MAAR8202032901B
|
| 035 |
|
|
|9 mwa91-31445
|
| 035 |
|
|
|a 337534
|
| 035 |
|
|
|a aas03029851
|
| 040 |
|
|
|a MWA
|c MWA
|e bdrb
|d UtOrBLW
|
| 041 |
1 |
|
|a eng
|h fre
|h ger
|
| 100 |
1 |
|
|a Goethe, Johann Wolfgang von,
|d 1749-1832.
|
| 240 |
1 |
0 |
|a Leiden des jungen Werthers.
|l English
|
| 245 |
1 |
4 |
|a The sorrows and sympathetic attachments of Werter :
|b a German story, /
|c by Mr. Goethe, Doctor of the Civil Law. ; Volume the first[-second]. ; [Six lines in praise of the author].
|
| 264 |
|
3 |
|a Philadelphia :
|b Printed and sold by Robert Bell, in Third-Street,
|c M,DCC,LXXXIV.
|
| 300 |
|
|
|a 71 pages, 1 unnumbered page ;
|c 21 cm. (octavo)
|
| 336 |
|
|
|a text
|b txt
|2 rdacontent
|
| 337 |
|
|
|a computer
|b c
|2 rdamedia
|
| 338 |
|
|
|a online resource
|b cr
|2 rdacarrier
|
| 500 |
|
|
|a Running title: The sorrows of Werter.
|
| 500 |
|
|
|a The translation, wrongly attributed to Richard Graves, was probably made by Daniel Malthus from the French version of Georges Deyverdun. Cf. Die erste englische Ausgabe des "Werther." Jahrbuch der Sammlung Kippenberg V (1925): page 13ff.
|
| 500 |
|
|
|a "The second volume ... will be published, ten days from this date ... January 24th, 1784."--page 40. Volume 2 (pages [41]-[72]) has separate title page.
|
| 500 |
|
|
|a Bookseller's advertisements on page 40 and [72].
|
| 510 |
4 |
|
|a Evans
|c 18501
|
| 510 |
4 |
|
|a Hildeburn, C.R. Pennsylvania,
|c 4485
|
| 530 |
|
|
|a Microform version available in the Readex Early American Imprints series.
|
| 533 |
|
|
|a Electronic text and image data.
|b [Chester, Vt. :
|c Readex, a division of Newsbank, Inc.,
|d 2002-2004.
|e Includes files in TIFF, GIF and PDF formats with inclusion of keyword searchable text.
|f (Early American imprints. First series ; no. 18501).
|
| 500 |
|
|
|a Electronic resource.
|
| 655 |
|
7 |
|a Booksellers' advertisements
|z Pennsylvania
|z Philadelphia.
|2 rbgenr
|
| 700 |
1 |
|
|a Malthus, Daniel,
|d 1730-
|e translator.
|
| 740 |
0 |
|
|a Sorrows of Werter.
|
| 752 |
|
|
|a United States
|b Pennsylvania
|d Philadelphia.
|
| 830 |
|
0 |
|a Early American imprints.
|n Series I,
|p Evans (1639-1800) ;
|v no. 18501.
|
| 856 |
4 |
1 |
|u http://proxy.library.tamu.edu/login?url=https://opac.newsbank.com/select/evans/18501
|y Evans Digital Edition
|t 0
|
| 999 |
|
|
|a MARS
|
| 999 |
f |
f |
|s 96ecfc92-5870-3f53-9e62-c251c17634fa
|i 32404751-ab82-34db-9b64-413a60123051
|t 0
|
| 952 |
f |
f |
|a Texas A&M University
|b College Station
|c Electronic Resources
|s www_evans
|d Available Online
|t 0
|h No information provided
|
| 998 |
f |
f |
|t 0
|l Available Online
|